000 00347nam a2200109Ia 4500
008 171211s9999 xx 000 0 und d
245 _aInsects and Wildlife: Arthropods and their Relationships with Wild Vertebrate Animals
245 _cJohn Capinera
260 _c2010
650 _xANIMALS
856 _uhttp://down.ebook777.com/042/1444333003.pdf
999 _c348500
_d348500